00361nam a2200145Ia 4500003000400000008004100004040001600045082001300061100001700074245004600091260003100137300001000168650001500178650002200193GCL140319s9999 xx 000 0 eng d aGCL / cGCL04a843bA C1 aAMSLER, JEAN10aLA CHANSON DES NIBELUNGS / cAMSLER, JEAN a[S.N] : bFAYARD ، c1992 a447 P04aLITERATURE04aFRENCH LITERATURE